=LDR 00000nam 2200000 4500 =001 INLIS000000000007882 =005 20130612095820 =008 ***********************************Ind** =035 ##$$0010-061300000007882 =041 ##$$a Ind =082 ##$$a 001.624 4 =090 ##$$a 001.624 4, Adi b =100 ##$$a Adipradhana, Surya =245 ##$$a Belajar bermain dan berkreasi dengan IBM logo bahasa komputer untuk anak-anak, Surya Adipradhana =260 ##$$a 1989 $b Jakarta =300 ##$$a xiii, 109 hlm, ilus, 20 cm =650 ##$$a Logo